The pursuit (Record no. 302289)

MARC details
000 -LEADER
fixed length control field 00249nam a2200097Ia 4500
082 ## - DEWEY DECIMAL CLASSIFICATION NUMBER
Classification number J 395.122 SHAU
008 - FIXED-LENGTH DATA ELEMENTS--GENERAL INFORMATION
fixed length control field 210817s9999 xx 000 0 und d
100 ## - MAIN ENTRY--PERSONAL NAME
Personal name WICK, Lori Eugene, Or., (-2003)
9 (RLIN) 83156
245 #0 - TITLE STATEMENT
Title The pursuit
942 ## - ADDED ENTRY ELEMENTS
item type Books
Holdings
Withdrawn status Lost status Damaged status Not for loan Home library Current library Date acquired Cost, normal purchase price Total Checkouts Total Renewals Barcode Date last seen Date last checked out Price effective from item type
        Matsulu Matsulu 19.08.2021 150.00 1 1 33228023468133 18.01.2023 28.10.2022 19.08.2021 Books